| 000 | 00724nam a22002417a 4500 | ||
|---|---|---|---|
| 005 | 20260129113215.0 | ||
| 008 | 260129b |||||||| |||| 00| 0 eng d | ||
| 020 | _a978-93-344-3435-4 | ||
| 037 | _cTB | ||
| 040 |
_aCRL _cCRL |
||
| 041 |
_2eng _aeng |
||
| 084 |
_aL:47257:(Q7) R5 _qCRL |
||
| 100 |
_aJamil, Javed _91112670 |
||
| 245 |
_aCancer prevetive measures in Islam: _bLet the world benefit |
||
| 260 |
_aNew Delhi, India: _bMission Publications, _c2025. |
||
| 300 | _a272p. | ||
| 365 |
_b450 _cINR |
||
| 650 |
_aMedicine _91112671 |
||
| 650 |
_aIslam _91112672 |
||
| 650 |
_aCancer _91112673 |
||
| 942 |
_2CC _cTB _hL:47257:(Q7) R5 _n0 |
||
| 999 |
_c1678343 _d1678343 |
||